000 00820nam a2200253Ia 4500
003 OSt
005 20221007064011.0
006 a|||||r|||| 00| 0
007 ta
008 221006b |||||||| |||| 00| 0 eng d
024 _a46,155
037 _cTextual
040 _aFLL
_cFLL
_beng
041 _2eng
_aeng
082 _aY15:7:7, Q6
100 _aSTANCHI Kathryn M. Ed.
_9685086
245 0 _aFeminist Judgements
_b rewritten opinions of the United States supreme court
260 _aCambridge
_bCambridge University Press UK
_c2016
300 _a566p. xlvii
_ccm.
490 _aFeminist Judgement Series: Rewritten Judicial Opinions
700 _a BERGER Linda L. Ed.
_9685087
942 _hY15:7:7, Q6
_cTEXL
_2CC
999 _c1132752
_d1132752